|
|
|
|
| LEADER |
00000cam a2200000 a 4500 |
| 001 |
1/123021 |
| 008 |
210524s2016####gr d||||||||||||| ||gre|| |
| 020 |
|
|
|a 9789601670423
|
| 040 |
|
|
|a GR-MyUa
|b gre
|c GR-MyUa
|e AACR2
|
| 041 |
0 |
|
|a gre
|
| 082 |
7 |
|
|a 401.41
|2 (23)
|
| 100 |
1 |
|
|a Λαγόπουλος, Αλέξανδρος-Φαίδων,
|d 1939-
|
| 245 |
1 |
0 |
|a Θεωρία σημειωτικής :
|b η παράδοση του Ferdinand de Saussure /
|c Αλέξανδρος-Φ. Λαγόπουλος και Κάριν Boklund-Λαγοπούλου ; επιμέλεια Ιφιγένεια Βαμβακίδου, Ευάγγελος Κουρδής, Αναστασία Χριστοδούλου.
|
| 260 |
|
|
|a Αθήνα :
|b Πατακης,
|c 2016.
|
| 300 |
|
|
|a 279 σ. :
|b πιν. ;
|c 24 εκ.
|
| 504 |
|
|
|a Περιλαμβάνει βιβλιογραφικές παραπομπές και ευρετήριο.
|
| 600 |
1 |
0 |
|a Saussure, Ferdinand de,
|d 1857-1913.
|
| 650 |
|
0 |
|a Semiotics
|
| 700 |
1 |
|
|a Boklund-Lagopoulou, Karin.
|
| 700 |
1 |
|
|a Βαμβακίδου, Ιφιγένεια,
|e edtf
|
| 700 |
1 |
|
|a Κουρδής, Ευάγγελος,
|e edt
|
| 700 |
1 |
|
|a Χριστοδούλου, Αναστασία,
|e edtf
|
| 852 |
|
|
|a INST
|b LESVOS
|c EUDOXUS
|e 20210524
|h 401.41 ΛΑΓ
|p 005100063333
|q 005100063333
|t EDX
|y 0
|
| 920 |
|
|
|a Εύδοξος
|b Επιστροφή
|y Λέσβος-ΤΚΑΙ
|z 2021-05
|
| 970 |
|
|
|a Καμάτσου
|b Δέσποινα
|z 24-05-2021
|